Testador de sorte - Statistics

Estatísticas Gerais
  • Esse quiz foi jogado 219 vezes
  • A pontuação média é 7 de 27
Answers on the Grid
Answers color-coded by a green-red scale on the quiz's grid according to % correct below.
🍀
🍀
🍀
🍀
🍀
🍀
🍀
🍀
🍀
🍀
🍀
🍀
🍀
🍀
🍀
🍀
🍀
🍀
🍀
🍀
🍀
🍀
🍀
🍀
🍀
🍀
🍀
🍀
🍀
🍀
 
Estatísticas das Respostas
Resposta % Correto
🍀
31%
🍀
31%
🍀
29%
🍀
29%
🍀
29%
🍀
27%
🍀
27%
🍀
27%
🍀
27%
🍀
26%
🍀
26%
🍀
26%
🍀
26%
🍀
24%
🍀
24%
🍀
24%
🍀
24%
🍀
23%
🍀
21%
🍀
21%
🍀
21%
🍀
21%
🍀
21%
🍀
20%
🍀
20%
🍀
19%
🍀
17%
Nenhum quiz correspondente encontrado
Distribuição das Pontuações
Porcentagem de Pessoas com Cada Pontuação
Percentil de Números Respondidos
Sua Pontuação Histórica
Você não jogou esse quiz